Rozpoznaj postacie League of Legends po zdjęciu [poziom trudny] - Statystyki

Ogólne statystyki
  • Ten quiz został rozwiązany 62 razy
  • Średni wynik to 19 z 20
Statystyki odpowiedzi
Obrazkowy Odpowiedź % Poprawnych
Alistar
100%
Anivia
100%
Fiora
98%
Heimerdinger
98%
Poppy
98%
Rammus
98%
Talon
98%
Braum
96%
Swain
96%
Jayce
94%
Kayn
94%
Kha Zix
94%
Rumble
94%
Zoe
94%
Elise
92%
Kennen
92%
Xerath
92%
Yone
92%
Sejuani
88%
Shyvana
88%
Nie znaleziono quizów pasujących do podanych kryteriów
Rozkład punktacji
Procent ludzi z każdym wynikiem
Percentyl według liczby udzielonych odpowiedzi
Twoja historia wyników
Nie rozwiązałeś tego quizu